[Event "Bremen-ch op"]
[Site "Bremen"]
[Date "2014.04.16"]
[Round "4"]
[White "Wuttke, Manfred"]
[Black "Morisse, Heinz"]
[Result "1-0"]
[WhiteElo "1866"]
[BlackElo "1642"]
[PlyCount "80"]
[EventDate "2014.04.14"]
[EventType "swiss"]
[EventRounds "9"]
[EventCountry "GER"]
[SourceTitle "EXT 2018"]
[Source "ChessBase"]
[SourceDate "2017.10.13"]
[SourceVersion "1"]
[SourceVersionDate "2017.10.13"]
[SourceQuality "1"]

1. d4 Nf6 2. c4 e6 3. Nc3 Bb4 4. a3 Bxc3+ 5. bxc3 Ne4 6. Qc2 f5 7. Nf3 0-0 8. g3 d6 9. Bg2 Nd7 10. 0-0 Nb6 11. Qb3 c5 12. Rd1 Qe7 13. a4 cxd4 14. cxd4 Qc7 15. c5 dxc5 16. dxc5 Nxc5 17. Qa2 Ncxa4 18. Bf4 Qf7 19. Ne5 Qf6 20. Qd2 Nc5 21. Qe3 Ncd7 22. Rd6 Nc4 23. Nxc4 Qxa1+ 24. Bf1 Nf6 25. Be5 Qa2 26. Qd4 b5 27. Nd2 Bb7 28. h4 Bd5 29. Bg2 Qa4 30. Bxd5 Qxd4 31. Bxe6+ Kh8 32. Rxd4 Rfe8 33. Rd6 Re7 34. Bd4 Rae8 35. Bxf5 Rxe2 36. Nf3 a5 37. Bd3 Ra2 38. Bxb5 Ne4 39. Rd7 Nxg3 40. fxg3 Ra3 1-0